header

The genesis of a language (Record no. 116325)

MARC details
000 -LEADER
fixed length control field 01562nam a2200385 a 4500
082 04 - DEWEY DECIMAL CLASSIFICATION NUMBER
Classification number 467.7/9954
100 1# - MAIN ENTRY--AUTHOR NAME
Personal name Clements, J. Clancy.
245 14 - TITLE STATEMENT
Title The genesis of a language
260 ## - PUBLICATION, DISTRIBUTION, ETC. (IMPRINT)
Place of publication Amsterdam ;
-- Philadelphia :
Name of publisher J. Benjamins Pub. Co.,
Year of publication c1996.
300 ## - PHYSICAL DESCRIPTION
Number of Pages xii, 281 p. :
Other physical details map.
490 1# - SERIES STATEMENT
Series statement Creole language library,
650 #0 - SUBJECT ADDED ENTRY--TOPICAL TERM
Topical Term Creole dialects, Portuguese
Topical Term Creole dialects, Portuguese
856 40 - ELECTRONIC LOCATION AND ACCESS
Uniform Resource Identifier http://site.ebrary.com/lib/rucke/Doc?id=10509414

No items available.

© 2026 Rongo University
Contact us: librarian | system librarian | Rongo university